书目信息 |
| 题名: |
实用美术基础
|
|
| 作者: | 郑向虹 编 | |
| 分册: | ||
| 出版信息: | 北京 高等教育出版社 2014 |
|
| 页数: | 135页 | |
| 开本: | 26cm | |
| 丛书名: | ||
| 单 册: | ||
| 中图分类: | J-43 | |
| 科图分类: | ||
| 主题词: | 美术--教材 | |
| 电子资源: | ||
| ISBN: | 978-7-04-039861-8 | |
| 000 | 00804nam0 2200253 450 | |
| 001 | 338729 | |
| 005 | 20150603102221.29 | |
| 010 | @a978-7-04-039861-8@dCNY25.70 | |
| 100 | @a20140822d2014 em y0chiy50 ea | |
| 101 | 0 | @achi |
| 102 | @aCN@b110000 | |
| 105 | @aa z 000yy | |
| 106 | @ar | |
| 200 | 1 | @a实用美术基础@Ashi yong mei shu ji chu@f郑向虹编 |
| 205 | @a第3版 | |
| 210 | @a北京@c高等教育出版社@d2014 | |
| 215 | @a135页@c图@d26cm | |
| 300 | @a计算机平面设计专业系列教材 | |
| 330 | @a本书介绍了设计艺术的基础知识, 包括色彩的原理与属性、色彩与构图的表现手法、视觉传达艺术表现的基本技能等, 注重美术基础知识的学习, 实践性强、基础性强。 | |
| 606 | 0 | @a美术@j教材 |
| 690 | @aJ-43@v5 | |
| 701 | 0 | @a郑向虹@Azheng xiang hong@4编 |
| 801 | 0 | @aCN@b卓展宏图@c20150525 |
| 905 | @dJ-43@e40=3@f4 | |
| 实用美术基础/郑向虹编.-第3版.-北京:高等教育出版社,2014 |
| 135页:图;26cm |
| 计算机平面设计专业系列教材 |
| ISBN 978-7-04-039861-8:CNY25.70 |
| 本书介绍了设计艺术的基础知识, 包括色彩的原理与属性、色彩与构图的表现手法、视觉传达艺术表现的基本技能等, 注重美术基础知识的学习, 实践性强、基础性强。 |
| ● |
| 相关链接 |
|
|
|
|
正题名:实用美术基础
索取号:J-43/40=3
 
预约/预借
| 序号 | 登录号 | 条形码 | 馆藏地/架位号 | 状态 | 备注 |
| 1 | 860291 | 208602911 | 第一样本阅览室/ [索取号:J-43/40=3] | 在馆 | |
| 2 | 860292 | 208602920 | 第一借阅区/ [索取号:J-43/40=3] | 在馆 | |
| 3 | 860293 | 208602939 | 美术系资料室/ [索取号:J-43/40=3] | 在馆 | |
| 4 | 860294 | 208602948 | 第一借阅区/ [索取号:J-43/40=3] | 在馆 |